书目信息 |
| 题名: |
中小学科技活动资料
|
|
| 作者: | 上海人民出版社 编 | |
| 分册: | 第2辑 | |
| 出版信息: | 上海 上海人民出版社 1974.04 |
|
| 页数: | 111页 | |
| 开本: | 19cm | |
| 丛书名: | ||
| 单 册: | ||
| 中图分类: | N56 | |
| 科图分类: | ||
| 主题词: | 自然科学--丛书 , 自然科学--文集 , 自然科学--连续出版物 | |
| 电子资源: | ||
| ISBN: | ||
| 000 | 00673nam0 2200229 45 | |
| 001 | 0310161437 | |
| 005 | 20031219104119.7 | |
| 010 | @dCNY0.29 | |
| 091 | @a13171.64 | |
| 100 | @a20031016d1974 km y0chiy0120 ea | |
| 101 | 0 | @achi |
| 105 | @ak z 000yy | |
| 200 | 1 | @a中小学科技活动资料@AZhong Xiao Xue Ke Ji Huo Dong Zi Liao@h第2辑@f上海人民出版社编@FShang Hai Ren Min Chu Ban She Bian |
| 210 | @a上海@c上海人民出版社@d1974.04 | |
| 215 | @a111页@c表格@d19cm | |
| 606 | 0 | @a自然科学@x丛书 |
| 606 | 0 | @a自然科学@x文集 |
| 606 | 0 | @a自然科学@x连续出版物 |
| 690 | @aN56@v3 | |
| 701 | 0 | @a上海人民出版社@4编 |
| 801 | @aCN@bTSTC@c20031020 | |
| 905 | @dN56@e2/74@b13322@f1 | |
| 中小学科技活动资料.第2辑/上海人民出版社编.-上海:上海人民出版社,1974.04 |
| 111页:表格;19cm |
| ISBN :CNY0.29 |
| ● |
| 相关链接 |
|
|
|
|
正题名:中小学科技活动资料
索取号:N56/2/74
 
预约/预借
| 序号 | 登录号 | 条形码 | 馆藏地/架位号 | 状态 | 备注 |
| 1 | 0013322 | 001679044 | 密集书库/ [索取号:N56/2/74] | 在馆 |